Я буду петь для вас всегда: мозаика моих воспоминаний

Podrobná bibliografie
Hlavní autor: Баянова А. Н. Алла Николаевна
Jazyk:ruština
Vydáno: Москва, Эксмо, 2003
Témata:
Médium: MixedMaterials Kniha
KOHA link:https://koha.lib.tpu.ru/cgi-bin/koha/opac-detail.pl?biblionumber=86164

MARC

LEADER 00000nam0a2200000 4500
001 86164
005 20231031101424.0
010 |a 5699030662 
035 |a (RuTPU)RU\TPU\book\92546 
090 |a 86164 
100 |a 20051123d2003 m y0rusy50 ca 
101 0 |a rus 
102 |a RU 
105 |a a z 000ab 
200 1 |a Я буду петь для вас всегда  |e мозаика моих воспоминаний  |f А. Н. Баянова 
210 |a Москва  |c Эксмо  |d 2003 
215 |a 255 с.  |c ил. 
600 1 |a Баянова  |b А. Н.  |c певица  |f 1914-  |g Алла Николаевна  |2 stltpush  |3 (RuTPU)RU\TPU\pers\15295 
610 1 |a музыка 
610 1 |a песни 
610 1 |a романсы 
610 1 |a воспоминания 
610 1 |a певицы 
610 1 |a эстрада 
675 |a 784  |v 3 
700 1 |a Баянова  |b А. Н.  |g Алла Николаевна 
801 1 |a RU  |b 63413507  |c 20051123  |g PSBO 
801 2 |a RU  |b 63413507  |c 20051205  |g PSBO 
942 |c BK